Statistics for Most mountainous countries in the Americas.

Click here to take the quiz!

General Stats

  • This quiz has been taken 40 times
  • The average score is 11 of 15

Answer Stats

HintAnswer% Correct
8Chile
94%
4Ecuador
89%
14Panama
80%
6El Salvador
77%
5Haiti
77%
13Belize
74%
1Dominica
74%
10Honduras
74%
9Jamaica
74%
11Cuba
71%
2Grenada
71%
7Barbados
69%
15St Kitts and Nevis
69%
3Dominican republic
66%
12Guyana
60%

Score Distribution

Percentile by Number Answered

Percent of People with Each Score

Your Score History

You have not taken this quiz